| 000 | 01088cam a2200301K 4500 | ||
|---|---|---|---|
| 001 | 31315 | ||
| 003 | BD-RjUL | ||
| 005 | 20211209051703.0 | ||
| 008 | 140415s1907 enk ob o00 0 eng d | ||
| 035 | _aBD-RjUL)31402 | ||
| 035 | _a(OCoLC)680944949 | ||
| 040 |
_aOCLCE _beng _cOCLCE _dBD-RjUL |
||
| 041 | _aeng | ||
| 082 | 0 | 4 |
_a293.276 _bBAB 1907 |
| 100 | 1 |
_aBarnett, Lionel D. _q(Lionel David), _d1871-1960. _970644 |
|
| 245 | 1 | 0 |
_aBrahma-knowledge : _ban outline of the philosophy of the Vedanta, as set forth by the Upanishads and by Sankara /. _cBy L.D. Barnett. |
| 260 |
_aLondon : _bJ. Murray, _c1907. |
||
| 300 |
_a113 p. _c17 cm. |
||
| 490 | 0 | _aThe wisdom of the East series | |
| 500 | _aSeries title also at head of t.p. | ||
| 504 | _aBibliography: p. 112-113. | ||
| 506 |
_3Use copy _fRestrictions unspecified _2star _5MiAaHDL |
||
| 650 | 0 |
_aHindu philosophy. _95119 |
|
| 776 | 1 |
_cOriginal _w(DLC)w 10000093 _w(OCoLC)4479099 |
|
| 856 | 4 | 0 |
_3HathiTrust Digital Library _uhttp://catalog.hathitrust.org/api/volumes/oclc/4479099.html |
| 942 |
_2ddc _cBK |
||
| 999 |
_c31315 _d31315 |
||